000 00617nam a2200241Ia 4500
003 OSt
005 20220926013142.0
006 a|||||r|||| 00| 0
007 ta
008 220923b |||||||| |||| 00| 0 eng d
037 _cGeneral Book
040 _aRTL
_cRTL
_beng
041 _2eng
_aeng
082 _aX:71, M3
100 _aWaud Roger N.
_9317872
245 0 _aMicroeconomics
250 _a2nd
260 _aNew York
_bHarper and Row U. S. A.
_c1983
300 _axxx, 458p.
_ccm.
650 _aMicroeconomics
942 _hX:71, M3
_cGB
_2CC
999 _c625262
_d625262